000 00676nam a2200193Ia 4500
003 OSt
005 20240529153131.0
008 210210b1967 xxu||||| |||| 00| 0 eng d
040 _cAL
041 _aKannada
082 _a615.535K RAVA
100 _aRAVAJIBHAYI MANIBHAYI PATELA.
_dರಾವಜಿಬಾಯ್ ಮಣಿಭಾಯಿ ಪಟೇಲ
_9168441
245 _aArogyada amulya sadhana: manava mutra-svamutra.
_bಆರೋಗ್ಯದ ಅಮೂಲ್ಯ ಸಾಧನ: ಮಾನವ ಮೂತ್ರ-ಸ್ವಮೂತ್ರ
260 _aBengaluru.
_bBhudana Karyalaya,
_c1967
300 _a420
690 _aPharmacology
_9168442
906 _a027604
942 _2ddc
_cBK
999 _c78889
_d78889